000 00258nam a2200121Ia 4500
008 230125s9999 xx 000 0 und d
082 _bMAJL
100 _aMajboor, Arjan Dev
245 2 _aA life recalled
260 _b2012
_c2012
300 _a300
942 _cBK
999 _c267
_d267